| 000 | 01246cam a2200361 a 4500 | ||
|---|---|---|---|
| 001 | 2701 | ||
| 003 | FISKH | ||
| 005 | 20240110113245.0 | ||
| 008 | 090330s2009 tnua j 000 1 eng | ||
| 010 | _a 2009012367 | ||
| 020 | _a9781595545008 | ||
| 020 | _a159554500X | ||
| 020 | _z9781418578299 (epub) | ||
| 020 | _z9780545293419 | ||
| 035 | _a(OCoLC)ocn276340807 | ||
| 040 |
_aDLC _cDLC _dIG# _dBTCTA _dWSN _dWL8 _dIK2 _dDLC _beng |
||
| 042 | _alcac | ||
| 050 | 0 | 0 |
_aPZ7.L6636 _bTim 2009 |
| 082 | 0 | 0 |
_a[Fic] _222 |
| 100 | 1 | _aLiparulo, Robert. | |
| 245 | 1 | 0 |
_aTimescape / _cRobert Liparulo. |
| 250 | _aFirst Scholastic printing, September 2010 | ||
| 260 |
_aNew York : _bScholastic, _c2009 |
||
| 300 |
_a308 pages : _c20 cm |
||
| 490 | 1 |
_aDreamhouse Kings ; _vBook. 4 |
|
| 520 | _aDavid, Xander, Dad, and Keal discover that Taksidian wants their house for himself in order to use the time portals to build an empire, and unless they can find his weakness in time, the future of the world itself may be in danger. | ||
| 650 | 1 |
_aTime travel _vFiction. |
|
| 650 | 1 |
_aDwellings _vFiction. |
|
| 650 | 1 |
_aSupernatural _vFiction. |
|
| 650 | 1 | _aHorror stories. | |
| 906 |
_a7 _bcbc _corignew _d1 _eecip _f20 _gy-gencatlg |
||
| 942 |
_2ddc _cBK _n0 |
||
| 999 |
_c2701 _d2701 |
||